Từ điển máy tính Anh - Việt

Guardat en:
Dades bibliogràfiques
Autor principal: Nguyễn Phi Thứ
Format: Llibre
Idioma:Undetermined
Publicat: Đồng Nai Nxb. Đồng Nai 1990
Matèries:
Etiquetes: Afegir etiqueta
Sense etiquetes, Sigues el primer a etiquetar aquest registre!
Thư viện lưu trữ: Trung tâm Học liệu Trường Đại học Cần Thơ
LEADER 00536nam a2200181Ia 4500
001 CTU_21770
008 210402s9999 xx 000 0 und d
082 |a 621.3819503 
082 |b Th550 
100 |a Nguyễn Phi Thứ 
245 0 |a Từ điển máy tính Anh - Việt 
245 0 |c Nguyễn Phi Thứ 
260 |a Đồng Nai 
260 |b Nxb. Đồng Nai 
260 |c 1990 
650 |a computer science - dictionaries 
904 |i Minh, 980119 
980 |a Trung tâm Học liệu Trường Đại học Cần Thơ